Dạo chơi vườn văn Nhật Bản Tổng quan- Tác giả- Tác phẩm

সংরক্ষণ করুন:
গ্রন্থ-পঞ্জীর বিবরন
প্রধান লেখক: Hữu, Ngọc
বিন্যাস: গ্রন্থ
প্রকাশিত: H. Giáo dục 1992
বিষয়গুলি:
ট্যাগগুলো: ট্যাগ যুক্ত করুন
কোনো ট্যাগ নেই, প্রথমজন হিসাবে ট্যাগ করুন!
Thư viện lưu trữ: Trung tâm Học liệu Lê Vũ Hùng, Trường Đại học Đồng Tháp
LEADER 00715pam a22002298a 4500
001 00029733
005 20171026081025.0
008 121116s1992 ||||||Viesd
041 0 # |a Vie 
082 1 4 |a 895.6  |b D108CH 
100 0 # |a Hữu, Ngọc 
245 0 0 |a Dạo chơi vườn văn Nhật Bản  |c Hữu Ngọc  |b Tổng quan- Tác giả- Tác phẩm 
260 # # |a H.  |b Giáo dục  |c 1992 
300 # # |a 69 tr.  |c 19 cm. 
653 # # |a Khái quát 
653 # # |a Nhật Bản 
653 # # |a Văn học 
852 # # |b Kho đọc  |j KD.0009389 
852 # # |j KD.0014171  |j KM.0031456 
910 0 # |d 16/11/2012 
980 # # |a Trung tâm Học liệu Lê Vũ Hùng, Trường Đại học Đồng Tháp